Implementing digital forensic readiness: (Record no. 6036)

MARC details
000 -LEADER
fixed length control field 00758nam a22002057a 4500
003 - CONTROL NUMBER IDENTIFIER
control field OSt
005 - DATE AND TIME OF LATEST TRANSACTION
control field 20251122111819.0
008 - FIXED-LENGTH DATA ELEMENTS--GENERAL INFORMATION
fixed length control field 251122b |||||||| |||| 00| 0 eng d
020 ## - INTERNATIONAL STANDARD BOOK NUMBER
International Standard Book Number 9780128044544
040 ## - CATALOGING SOURCE
Original cataloging agency DWCL-Main lib
Transcribing agency OC
082 ## - DEWEY DECIMAL CLASSIFICATION NUMBER
Classification number Circ. 364.168 D121i 2016
100 ## - MAIN ENTRY--PERSONAL NAME
Personal name Sachowski, Jason
245 ## - TITLE STATEMENT
Title Implementing digital forensic readiness:
Remainder of title from reactive to productive process/
Statement of responsibility, etc. Jason Sachowski
260 ## - PUBLICATION, DISTRIBUTION, ETC.
Place of publication, distribution, etc. Cambridge, MA:
Name of publisher, distributor, etc. Syngress is an imprint of Elsevier,
Date of publication, distribution, etc. c2016.
300 ## - PHYSICAL DESCRIPTION
Extent xvii, 355 pages :
Other physical details illustrations ;
Dimensions 24cm.
504 ## - BIBLIOGRAPHY, ETC. NOTE
Bibliography, etc. note Includes bibliographical references and index
650 ## - SUBJECT ADDED ENTRY--TOPICAL TERM
Topical term or geographic name entry element 1. Computer crimes-- investigation
650 ## - SUBJECT ADDED ENTRY--TOPICAL TERM
Topical term or geographic name entry element 2. Electronics in criminal investigation
942 ## - ADDED ENTRY ELEMENTS (KOHA)
Source of classification or shelving scheme Dewey Decimal Classification
Koha item type Book Circulation
Call number prefix Circ.
Suppress in OPAC No
952 ## - LOCATION AND ITEM INFORMATION (KOHA)
--
Holdings
Withdrawn status Lost status Source of classification or shelving scheme Damaged status Not for loan Home library Current library Shelving location Date acquired Source of acquisition Total Checkouts Full call number Barcode Date last seen Copy number Price effective from Koha item type Uniform Resource Identifier
    Dewey Decimal Classification     College Library College Library Circulation 10/28/2021 School Fund   Circ. 364.168 D121i 2016 52991 11/22/2025 c1 11/22/2025 BK-CIRC